000 01642cam a2200397 i 4500
001 data
005 20260322212109.0
008 data
035 _a23254372
906 _a7
_bcbc
_corigode
_d3
_encip
_f20
_gy-gencatlg
925 0 _aacquire
_b1 shelf copy
_xpolicy default
010 _a 2023305701
040 _aDLC
_beng
_cDLC
_erda
042 _apcc
_apcc
050 0 0 _aBS325
_b.A78 2022
245 0 0 _aBụ́kụ́ í́jọ̃ ụ̃kụ rĩ agá tõwú rĩ kî :
_bYósũwã, 1 Sámụ̃wẹ̃lị̃, 2 Sámụ̃wẹ̃lị̃, Ézĩrã, Nẽhẽmíyã, Ẹ̃sị̃tẹ́rị̃, Yónã, Nãhụ́mị̃, Mãlákĩ Ãrị̃ngã tị = Nine of the Old Testament books : Joshua, 1 Samuel, 2 Samuel, Ezra, Nehemiah, Esther, Jonah, Nahum, Malachi in the Aringa language of Uganda.
246 3 1 _aNine of the Old Testament books :
_bJoshua, 1 Samuel, 2 Samuel, Ezra, Nehemiah, Esther, Jonah, Nahum, Malachi in the Aringa language of Uganda
264 1 _aYumbe, Uganda :
_bHere is Life!,
_c2022.
300 _avii, 264 pages :
_billustrations ;
_c21 cm
336 _atext
_btxt
_2rdacontent
337 _aunmediated
_bn
_2rdamedia
338 _avolume
_bnc
_2rdacarrier
546 _aText in Aringa, parallel title in English.
630 0 0 _aBible.
_pJoshua.
630 0 0 _aBible.
_p1 Samuel.
630 0 0 _aBible.
_p2 Samuel.
630 0 0 _aBible.
_pMalachi.
630 0 0 _aBible.
_pEzra.
630 0 0 _aBible.
_pNehemiah.
630 0 0 _aBible.
_pEsther.
630 0 0 _aBible.
_pJonah.
630 0 0 _aBible.
_pNahum.
710 2 _aHere is Life! (Organization),
_eissuing body.
985 _eODE-nb
999 _c1613
_d1613